000 01075nam a22002897a 4500
001 BR8600811
003 BR-BrBNA
005 20230928092232.0
007 ta
008 230509b bl.||||| |||| 00| 0 por d
040 _aBR-BrBNA
_bpor
_cBiblioteca Nacional de Agricultura
041 _a(Por)
072 _aF01; F60
_b1410
_b/G514
090 _ 1410 BR8600811
100 1 _aLima, C.A.S.
110 1 _aUniversidade Federal de Vicosa, MG (Brasil)
_0Tese (Magister Scientiae)
245 1 _aEfeito de seis profundidades do lencol freatico sobre o comportamento da cultura do feijao (Phaseolus vulgaris, L.)
246 1 _a[Effect of six groundwater depths on the performance of beans (Phaseolus vulgaris, L.)]
260 3 _aVicosa, MG (Brasil):
_c1985.
300 _a47 p.
500 _a5 illus.; 9 tables; Bibliography p. 42-47 (57 ref.). (*) Documento disponível na(o) Universidade Federal de Vicosa, MG (Brazil)
650 _aFEIJAO
650 _aCOMPORTAMENTO DE VARIEDADE
650 _aLENCOL FREATICO
909 _a202309
_bLucia
_c55
_dLucia Elande
942 _cBK
999 _c37833
_d37833